Lessons from the european commission's demonstration programme on Integrated Coastal Zone Management (ICZM) : directorates-general environment, nuclear safety and civil protection fisheries regional policies and cohesion : 1999
Αποθηκεύτηκε σε:
| Συγγραφή απο Οργανισμό/Αρχή: | |
|---|---|
| Μορφή: | Βιβλίο |
| Γλώσσα: | English |
| Δημοσίευση: |
Luxembourg :
Office for Official Publications of the European Communities,
1999
|
| Θέματα: | |
| Ετικέτες: |
Προσθήκη ετικέτας
Δεν υπάρχουν, Καταχωρήστε ετικέτα πρώτοι!
|
MARC
| LEADER | 00000cam a2200000 i 4500 | ||
|---|---|---|---|
| 001 | 1/10671 | ||
| 008 | 000904s1999 eng d | ||
| 020 | |a 92-828-6471-5 | ||
| 035 | |l 10063519 | ||
| 040 | |a GR-MY-UA |b gre |e aacr | ||
| 041 | 0 | |a eng | |
| 082 | 0 | |a 333.917 | |
| 110 | 2 | |a European Commission. | |
| 245 | 1 | 0 | |a Lessons from the european commission's demonstration programme on Integrated Coastal Zone Management (ICZM) : |b directorates-general environment, nuclear safety and civil protection fisheries regional policies and cohesion : 1999 / |c European Commission |
| 260 | |a Luxembourg : |b Office for Official Publications of the European Communities, |c 1999 | ||
| 300 | |a 93 p.; |c 30 cm | ||
| 650 | 0 | 0 | |a Coastal zone management. |
| 650 | 0 | 0 | |a Coastal zone management |x Law and legislation. |
| 852 | |a INST |b CHIOS |e 20000904 |h 333.917 EUR |p 005200018197 |q 005200018197 |t BK |y 0 | ||
| 901 | |a BIBL2-2000-3 | ||
| 909 | |a Χ |b 075659 | ||
| 970 | |z 2000/08/ΣΟΦΙΑ | ||